LEADER 02708nam0 2200517 i 450 001 VAN00124849 005 20240806100817.455 017 70$2N$a9783319664569 100 $a20191025d2018 |0itac50 ba 101 $aeng 102 $aCH 105 $a|||| ||||| 200 1 $aMethods for Partial Differential Equations$eQualitative Properties of Solutions, Phase Space Analysis, Semilinear Models$fMarcelo R. Ebert, Michael Reissig 210 $aCham$cBirkhäuser$d2018 215 $axix, 479 p.$d24 cm 500 1$3VAN00236370$aMethods for Partial Differential Equations$91563658 606 $a35-XX$xPartial differential equations [MSC 2020]$3VANC019763$2MF 606 $a35Axx$xGeneral topics in partial differential equations [MSC 2020]$3VANC022828$2MF 606 $a35Bxx$xQualitative properties of solutions to partial differential equations [MSC 2020]$3VANC022349$2MF 606 $a35Exx$xPartial differential equations and systems of partial differential equations with constant coefficients [MSC 2020]$3VANC026749$2MF 606 $a35Fxx$xGeneral first-order partial differential equations and systems of first-order partial differential equations [MSC 2020]$3VANC025989$2MF 606 $a35Jxx$xElliptic equations and elliptic systems [MSC 2020]$3VANC022717$2MF 606 $a35Kxx$xParabolic equations and parabolic systems [MSC 2020]$3VANC020301$2MF 606 $a35Lxx$xHyperbolic equations and hyperbolic systems [MSC 2020]$3VANC022749$2MF 610 $aAbsorbing non-linearity$9KW:K 610 $aBlow-up behavior$9KW:K 610 $aEnergy method$9KW:K 610 $aGlobal existence of small data solutions$9KW:K 610 $aHyperbolic systems$9KW:K 610 $aPartial Differential Equations$9KW:K 610 $aPotential theory$9KW:K 610 $aRegularity results$9KW:K 610 $aSource non-linearity$9KW:K 610 $aWell-posedness of mixed problems and Cauchy problems$9KW:K 620 $aCH$dCham$3VANL001889 700 1$aEbert$bMarcelo R.$3VANV096279$0767848 701 1$aReissig$bMichael$3VANV075077$0498638 712 $aBirkhäuser $3VANV108193$4650 801 $aIT$bSOL$c20250411$gRICA 856 4 $uhttp://doi.org/10.1007/978-3-319-66456-9$zE-book ? Accesso al full-text attraverso riconoscimento IP di Ateneo, proxy e/o Shibboleth 899 $aBIBLIOTECA DEL DIPARTIMENTO DI MATEMATICA E FISICA$1IT-CE0120$2VAN08 912 $fN 912 $aVAN00124849 950 $aBIBLIOTECA DEL DIPARTIMENTO DI MATEMATICA E FISICA$d08DLOAD e-book 1248 $e08eMF1248 20191025 996 $aMethods for Partial Differential Equations$91563658 997 $aUNICAMPANIA LEADER 02292nam0 2200481 i 450 001 VAN00110666 005 20251014085538.978 017 70$2N$a9783319452821 100 $a20170913d2017 |0itac50 ba 101 $aeng 102 $aCH 105 $a|||| ||||| 181 $ai$b e 182 $ab 183 $acr 200 1 $aGeometric aspects of functional analysis$eIsrael seminar (GAFA) 2014-2016$fBo?az Klartag, Emanuel Milman, editors 210 $aCham$cSpringer$d2017 215 $aXII, 366 p.$cill$d24 cm 461 1$1001VAN00102250$12001 $aLecture notes in mathematics$1210 $aBerlin [etc.]$cSpringer$v2169 500 1$3VAN00234290$aGeometric aspects of functional analysis : Israel seminar (GAFA) 2014-2016$91907548 606 $a26A51$xConvexity of real functions in one variable, generalizations [MSC 2020]$3VANC028644$2MF 606 $a32-XX$xSeveral complex variables and analytic spaces [MSC 2020]$3VANC024999$2MF 606 $a46-XX$xFunctional analysis [MSC 2020]$3VANC019764$2MF 606 $a60-XX$xProbability theory and stochastic processes [MSC 2020]$3VANC020428$2MF 606 $a80M35$xAsymptotic analysis for problems in thermodynamics and heat transfer [MSC 2020]$3VANC028643$2MF 610 $aAsymptotic Geometric Analysis$9KW:K 610 $aConvex Geometry$9KW:K 610 $aFunctional Analysis$9KW:K 610 $aGeometric probability$9KW:K 610 $aSpectral Analysis$9KW:K 620 $aCH$dCham$3VANL001889 702 1$aBo'az$bKlartag$3VANV079359$4340 702 1$aMilman$bEmanuel$3VANV079360$4340 710 02$aIsrael seminar (GAFA)$3VANV079404$0721506 712 $aSpringer $3VANV108073$4650 801 $aIT$bSOL$c20251017$gRICA 856 4 $uhttp://dx.doi.org/10.1007/978-3-319-45282-1$zE-book ? Accesso al full-text attraverso riconoscimento IP di Ateneo, proxy e/o Shibboleth 899 $aBIBLIOTECA DEL DIPARTIMENTO DI MATEMATICA E FISICA$1IT-CE0120$2VAN08 912 $fN 912 $aVAN00110666 950 $aBIBLIOTECA DEL DIPARTIMENTO DI MATEMATICA E FISICA$d08CONS e-book $e08LNM2169 20170913 996 $aGeometric aspects of functional analysis : Israel seminar (GAFA) 2014-2016$91907548 997 $aUNICAMPANIA